Manuela : el brillo de la libertad /

Detalles Bibliográficos
Autores principales: Vanegas Peña, Santiago (Autor), Peña Abril, Camila, 1995- (Autor), Alvarracín Espinoza, Cristián (Autor)
Formato: Electrónico eBook
Lenguaje:español
inglés
francés
italiano
quechua
Publicado: Cuenca, Ecuador : Universidad del Azuay, Casa Editora, [2020]
Colección:Litterae (Cuenca, Ecuador)
Materias:
Acceso en línea:Digitalia Hispánica

MARC

LEADER 00000nam a2200000 i 4500
001 DIGUAZUAY0108
003 NyNyDIG
007 cr |||||||||||
008 260113s2020 ec a bo 000 f spa d
006 m o d
035 |a (OCoLC)1438857769 
040 |a DGITA  |b eng  |e rda  |e pn  |c DGITA 
020 |a 9789942822772  |q eBook 
020 |z 97899428227829  |q Audiolibro 
020 |z 9789942822765 
041 1 |a spa  |a eng  |a fre  |a ita  |a que  |h spa 
043 |a s-ec--- 
050 1 4 |a PQ8220.432.A5 ebook 
100 1 |a Vanegas Peña, Santiago,  |e author. 
245 1 0 |a Manuela :  |b el brillo de la libertad /  |c Santiago Vanegas Peña, Camila Peña Abril, Cristian Alvarracín Espinoza. 
264 1 |a Cuenca, Ecuador :  |b Universidad del Azuay, Casa Editora,  |c [2020] 
300 |a 1 online resource :  |b color illustrations. 
336 |a text  |b txt  |2 rdacontent 
337 |a computer  |b c  |2 rdamedia 
338 |a online resource  |b cr  |2 rdacarrier 
347 |a text file  |2 rdaft 
347 |b PDF 
490 1 |a Litterae 
546 |a Text in Spanish, English, French, Italian and Ingano. 
588 0 |a Online resource; title from PDF title page (Digitalia, viewed January 13, 2026) 
651 0 |a Cuenca (Ecuador)  |v Fiction. 
655 7 |a Historical fiction.  |2 lcgft 
700 1 |a Peña Abril, Camila,   |d 1995-  |e author. 
700 1 |a Alvarracín Espinoza, Cristián,  |e author. 
791 2 |a Digitalia (Firm),  |e distributor. 
793 0 |g Digitalia eBook Collection:  |a Universidad del Azuay 
776 0 8 |i Print version:  |a Vanegas Peña, Santiago.  |t Manuela.  |d Cuenca, Ecuador : Universidad del Azuay, Casa Editora, [2020]  |z 9789942822765 
830 0 |a Litterae (Cuenca, Ecuador) 
856 4 0 |3 Digitalia Hispánica  |u https://www.digitaliapublishing.com/a/133492/ 
910 |a Premium collection: 2026